| 000 | 00608cam a22002054a 4500 | ||
|---|---|---|---|
| 001 | 13403612 | ||
| 005 | 20251121105149.0 | ||
| 008 | 031114s2004 vaua b 001 0 eng | ||
| 020 | _a0784407126 | ||
| 020 | _a9780784407127 | ||
| 050 | 0 | 0 |
_aTH425 _b.C44 2004 |
| 082 | 0 | 0 |
_a624 _222 |
| 100 | 1 | _aChoi, Ying-Kit. | |
| 245 | 1 | 0 |
_aPrinciples of applied civil engineering design / _cby Ying-Kit Choi. |
| 260 |
_aReston, VA : _bAmerican Society of Civil Engineers, _c2004. |
||
| 300 |
_axvi, 227 p. : _bill. ; _c26 cm. |
||
| 650 | 0 | _aCivil engineering. | |
| 650 | 0 | _aConstruction contracts. | |
| 942 |
_2lcc _cBK _n0 |
||
| 999 |
_c8289 _d8289 |
||